The role of combined transvaginal sonography and diagnostic hysteroscopy in the assessment of tubal patency in infertile women in correlation to laparoscopic chromopertubation / (رقم التسجيلة. 45537)

تفاصيل مارك
000 -LEADER
fixed length control field 02043cam a2200349 a 4500
003 - CONTROL NUMBER IDENTIFIER
control field EG-GiCUC
005 - DATE AND TIME OF LATEST TRANSACTION
control field 20250223030946.0
008 - FIXED-LENGTH DATA ELEMENTS--GENERAL INFORMATION
fixed length control field 140326s2013 ua dh f m 000 0 eng d
040 ## - CATALOGING SOURCE
Original cataloging agency EG-GiCUC
Language of cataloging eng
Transcribing agency EG-GiCUC
041 0# - LANGUAGE CODE
Language code of text/sound track or separate title eng
049 ## - LOCAL HOLDINGS (OCLC)
Holding library Deposite
097 ## - Thesis Degree
Thesis Level Ph.D
099 ## - LOCAL FREE-TEXT CALL NUMBER (OCLC)
Classification number Cai01.11.15.Ph.D.2013.Ah.R
100 0# - MAIN ENTRY--PERSONAL NAME
Personal name Ahmad Tarek Mahmoud Mohamed
245 14 - TITLE STATEMENT
Title The role of combined transvaginal sonography and diagnostic hysteroscopy in the assessment of tubal patency in infertile women in correlation to laparoscopic chromopertubation /
Statement of responsibility, etc. Ahmad Tarek Mahmoud Mohamed ; Supervised Gamal Gamal Eldin Youssef , Moutaz Mahmoud Elsherbini , Rasha Omar Fathi Elkomy
246 15 - VARYING FORM OF TITLE
Title proper/short title دور كل من السونار المهبلى والنظار الرحمى فى تقييم انفتاح قنوات فالوب فى السيدات اللاتى يعانين من عدم القدرة على الإنجاب مقارنة بحقن قنوات فالوب عن طريق منظار البطن
260 ## - PUBLICATION, DISTRIBUTION, ETC.
Place of publication, distribution, etc. Cairo :
Name of publisher, distributor, etc. Ahmad Tarek Mahmoud Mohamed ,
Date of publication, distribution, etc. 2013
300 ## - PHYSICAL DESCRIPTION
Extent 101 P. :
Other physical details charts , facsimiles ;
Dimensions 25cm
502 ## - DISSERTATION NOTE
Dissertation note Thesis (Ph.D.) - Cairo University - Faculty of Medicine - Department of Gynecology and Obstetrics
520 ## - SUMMARY, ETC.
Summary, etc. This study was conducted on 60 subfertile ladies that were managed in Kasr Elaini hospital Cairo University in a period of 20 months (1/ 2012- 8/ 2013) to investigate the diagnostic value of transvaginal sonography performed directly after diagnostic hysteroscopy for assessing tubal patency and to compare the findings with those obtained by means of laparoscopic chromopertubation
530 ## - ADDITIONAL PHYSICAL FORM AVAILABLE NOTE
Additional physical form available note Issued also as CD
653 #4 - INDEX TERM--UNCONTROLLED
Uncontrolled term Hysteroscopy
653 #4 - INDEX TERM--UNCONTROLLED
Uncontrolled term Laparoscopy
653 #4 - INDEX TERM--UNCONTROLLED
Uncontrolled term Tubal patency
700 0# - ADDED ENTRY--PERSONAL NAME
Personal name Gamal Gamal Eldin Youssef ,
Relator term
700 0# - ADDED ENTRY--PERSONAL NAME
Personal name Moutaz Mahmoud Elsherbini ,
Relator term
700 0# - ADDED ENTRY--PERSONAL NAME
Personal name Rasha Omar Fathi Elkomy ,
Relator term
856 ## - ELECTRONIC LOCATION AND ACCESS
Uniform Resource Identifier <a href="http://172.23.153.220/th.pdf">http://172.23.153.220/th.pdf</a>
905 ## - LOCAL DATA ELEMENT E, LDE (RLIN)
Cataloger Nazla
Reviser Revisor
905 ## - LOCAL DATA ELEMENT E, LDE (RLIN)
Cataloger Soheir
Reviser Cataloger
942 ## - ADDED ENTRY ELEMENTS (KOHA)
Source of classification or shelving scheme Dewey Decimal Classification
Koha item type Thesis
المقتنيات
Source of classification or shelving scheme Not for loan Home library Current library Date acquired Full call number Barcode Date last seen Koha item type Copy number
Dewey Decimal Classification   المكتبة المركزبة الجديدة - جامعة القاهرة قاعة الرسائل الجامعية - الدور الاول 11.02.2024 Cai01.11.15.Ph.D.2013.Ah.R 01010110062333000 22.09.2023 Thesis  
Dewey Decimal Classification   المكتبة المركزبة الجديدة - جامعة القاهرة مخـــزن الرســائل الجـــامعية - البدروم 11.02.2024 Cai01.11.15.Ph.D.2013.Ah.R 01020110062333000 22.09.2023 CD - Rom 62333.CD
Cairo University Libraries Portal Implemented & Customized by: Eng. M. Mohamady Contacts: new-lib@cl.cu.edu.eg | cnul@cl.cu.edu.eg
CUCL logo CNUL logo
© All rights reserved — Cairo University Libraries
CUCL logo
Implemented & Customized by: Eng. M. Mohamady Contact: new-lib@cl.cu.edu.eg © All rights reserved — New Central Library
CNUL logo
Implemented & Customized by: Eng. M. Mohamady Contact: cnul@cl.cu.edu.eg © All rights reserved — Cairo National University Library